zpět

Detail výsledku týmu

Dukla, Přerov

Datum a čas kvízu

25 Celkem bodů Celkový počet nahraných bodů na tomto kvízu bez doplňovacích otázek.
12. Pořadí na kvízu Konečné umístění týmu na tomto kvízu.

Zaznamenané odpovědi

# Otázka Odpověď Body Výsledky
1. Žena jednoho bývalého českého... Petr Nečas 0
2. Britský soud v pátek poslal do... C) funkční splachovací záchod 0
3. V sobotu v rámci 30. ročníku f... ostříhat vlasy 1
4. Česká mutace jednoho oblíbenéh... Playboy 0
5. Ve které zemi byl v úterý zahá... na Slovensku 1
6. Toto téma začneme prostě, a to... Chiméra 0
7. Termínem Jókai (Yōkai) se ozna... A 0
8. V roce 2009 byl Rodinným autem... Škoda Yeti 0
9. V této otázce bude vaším úkole... 1C 2B 3D 4A 0
10. Na závěr jedno české mytologic... Blaník 0